[Event "DEM U12w 2019"]
[Site "Willingen GER"]
[Date "2019.06.14"]
[Round "8"]
[White "Wilmink, Anna"]
[Black "Trunz, Michelle"]
[Result "1/2-1/2"]
[Termination "normal"]
[Board "6"]
[WhiteElo "1466"]
[BlackElo "1505"]
[WhiteClock "00:11:50"]
[BlackClock "00:48:43"]
[PlyCount "127"]
[WhiteFideId "16273680"]
[BlackFideId "16227980"]
[EventCountry "GER"]
[EventRounds "9"]
[EventType "swiss"]
[EventDate "2019.06.08"]

1. e4 {[%clk 1:30:59]} 1... c5 {[%clk 1:30:52]} 2. Nf3 {[%clk 1:31:10]} 2... d6
{[%clk 1:31:06]} 3. Bb5+ {[%clk 1:31:31]} 3... Bd7 {[%clk 1:31:05]} 4. Bxd7+ {
[%clk 1:31:24]} 4... Qxd7 {[%clk 1:31:21]} 5. O-O {[%clk 1:30:55]} 5... Nc6 {
[%clk 1:30:57]} 6. c3 {[%clk 1:30:29]} 6... Nf6 {[%clk 1:31:02]} 7. Re1 { [%clk
1:30:46]} 7... e6 {[%clk 1:30:47]} 8. d4 {[%clk 1:30:32]} 8... d5 { [%clk
1:25:38]} 9. e5 {[%clk 1:27:44]} 9... Ne4 {[%clk 1:24:57]} 10. Nbd2 { [%clk
1:25:23]} 10... Nxd2 {[%clk 1:25:01]} 11. Bxd2 {[%clk 1:25:16]} 11... b6 {[%clk
1:25:06]} 12. Be3 {[%clk 1:20:17]} 12... Be7 {[%clk 1:24:32]} 13. Bg5 { [%clk
1:15:38]} 13... O-O {[%clk 1:23:17]} 14. Bxe7 {[%clk 1:12:37]} 14... Nxe7
{[%clk 1:22:40]} 15. Nh4 {[%clk 1:05:49]} 15... Rac8 {[%clk 1:21:52]} 16. Rc1 {
[%clk 1:03:32]} 16... Rc7 {[%clk 1:21:48]} 17. Nf3 {[%clk 0:59:17]} 17... Nf5 {
[%clk 1:21:41]} 18. Re2 {[%clk 0:58:08]} 18... Qe7 {[%clk 1:21:47]} 19. a3 {
[%clk 0:55:58]} 19... Rfc8 {[%clk 1:22:09]} 20. Rec2 {[%clk 0:55:45]} 20... Qd7
{[%clk 1:21:31]} 21. h3 {[%clk 0:51:58]} 21... Qa4 {[%clk 1:21:26]} 22. Ne1 {
[%clk 0:48:25]} 22... Rc6 {[%clk 1:17:36]} 23. Rd2 {[%clk 0:45:19]} 23... Qxd1
{[%clk 1:17:36]} 24. Rcxd1 {[%clk 0:45:08]} 24... cxd4 {[%clk 1:17:48]} 25.
cxd4 {[%clk 0:45:05]} 25... Rc1 {[%clk 1:16:47]} 26. Rxc1 {[%clk 0:44:46]}
26... Rxc1 {[%clk 1:17:08]} 27. Kf1 {[%clk 0:45:01]} 27... Nh4 {[%clk 1:16:05]}
28. Rc2 {[%clk 0:42:42]} 28... Rxc2 {[%clk 1:15:30]} 29. Nxc2 {[%clk 0:42:30]}
29... Kf8 {[%clk 1:15:38]} 30. Ne3 {[%clk 0:40:36]} 30... Ke7 {[%clk 1:15:36]}
31. Ke2 {[%clk 0:40:42]} 31... Ng6 {[%clk 1:15:41]} 32. g3 {[%clk 0:39:53]}
32... f6 {[%clk 1:14:55]} 33. f4 {[%clk 0:39:40]} 33... h5 {[%clk 1:14:39]} 34.
h4 {[%clk 0:38:50]} 34... Nf8 {[%clk 1:14:00]} 35. Kf3 {[%clk 0:34:22]} 35...
a6 {[%clk 1:11:55]} 36. a4 {[%clk 0:33:26]} 36... Nd7 {[%clk 1:11:57]} 37. Nd1
{[%clk 0:30:37]} 37... Nb8 {[%clk 1:11:55]} 38. Nc3 {[%clk 0:28:51]} 38... Nc6
{[%clk 1:10:26]} 39. Ke3 {[%clk 0:25:13]} 39... Na5 {[%clk 1:09:48]} 40. b4 {
[%clk 0:21:41]} 40... Nc4+ {[%clk 1:09:38]} 41. Ke2 {[%clk 0:21:21]} 41... Kf7
{[%clk 1:09:11]} 42. b5 {[%clk 0:19:20]} 42... a5 {[%clk 1:09:13]} 43. Kf3 {
[%clk 0:18:35]} 43... Kg6 {[%clk 1:04:54]} 44. g4 {[%clk 0:16:13]} 44... hxg4+
{[%clk 1:04:27]} 45. Kxg4 {[%clk 0:16:18]} 45... Ne3+ {[%clk 1:04:29]} 46. Kf3
{[%clk 0:16:12]} 46... Nf5 {[%clk 1:04:48]} 47. Ne2 {[%clk 0:15:16]} 47...
Nxh4+ {[%clk 1:05:03]} 48. Kg4 {[%clk 0:14:18]} 48... Ng2 {[%clk 1:04:14]} 49.
f5+ {[%clk 0:04:28]} 49... exf5+ {[%clk 0:48:17]} 50. Kg3 {[%clk 0:04:40]}
50... Ne3 {[%clk 0:42:09]} 51. e6 {[%clk 0:04:25]} 51... Nc4 {[%clk 0:31:45]}
52. Nf4+ {[%clk 0:25:21]} 52... Kh7 {[%clk 1:00:59]} 53. Nxd5 {[%clk 0:24:52]}
53... Kg8 {[%clk 1:00:34]} 54. Kf4 {[%clk 0:21:48]} 54... Nd6 {[%clk 0:58:28]}
55. Nxb6 {[%clk 0:21:06]} 55... g5+ {[%clk 0:58:17]} 56. Kf3 {[%clk 0:20:27]}
56... Kf8 {[%clk 0:57:45]} 57. Nd7+ {[%clk 0:19:25]} 57... Ke7 {[%clk 0:57:37]}
58. d5 {[%clk 0:19:12]} 58... f4 {[%clk 0:56:23]} 59. b6 {[%clk 0:16:28]} 59...
Nb7 {[%clk 0:54:32]} 60. Nb8 {[%clk 0:15:45]} 60... f5 {[%clk 0:52:36]} 61.
Nc6+ {[%clk 0:15:10]} 61... Ke8 {[%clk 0:51:23]} 62. Ne5 {[%clk 0:14:22]} 62...
Ke7 {[%clk 0:50:23]} 63. Nc4 {[%clk 0:13:38]} 63... Kf6 {[%clk 0:48:43]} 64.
Nd2 {[%clk 0:11:50]} 1/2-1/2

[Event "DEM U12w 2019"]
[Site "Willingen GER"]
[Date "2019.06.14"]
[Round "8"]
[White "Prinzen, Siri Marleen"]
[Black "Voigt, Anastasia"]
[Result "1-0"]
[Termination "normal"]
[Board "7"]
[WhiteElo "1505"]
[BlackElo "1447"]
[WhiteClock "00:33:28"]
[BlackClock "00:27:22"]
[PlyCount "63"]
[WhiteFideId "16265912"]
[BlackFideId "16235223"]
[EventCountry "GER"]
[EventRounds "9"]
[EventType "swiss"]
[EventDate "2019.06.08"]

1. e4 {[%clk 1:30:59]} 1... e5 {[%clk 1:30:55]} 2. Nf3 {[%clk 1:31:23]} 2...
Nc6 {[%clk 1:31:20]} 3. Bc4 {[%clk 1:31:48]} 3... Bc5 {[%clk 1:31:45]} 4. c3 {
[%clk 1:32:11]} 4... Nf6 {[%clk 1:32:05]} 5. d3 {[%clk 1:32:35]} 5... d6 {
[%clk 1:32:19]} 6. h3 {[%clk 1:32:32]} 6... a6 {[%clk 1:32:29]} 7. Bb3 { [%clk
1:32:24]} 7... Ba7 {[%clk 1:32:05]} 8. Nbd2 {[%clk 1:31:34]} 8... Be6 { [%clk
1:30:56]} 9. O-O {[%clk 1:28:21]} 9... h6 {[%clk 1:31:01]} 10. Re1 { [%clk
1:25:50]} 10... Qd7 {[%clk 1:30:55]} 11. Bxe6 {[%clk 1:22:43]} 11... fxe6
{[%clk 1:31:09]} 12. Nf1 {[%clk 1:21:14]} 12... O-O-O {[%clk 1:31:15]} 13. Be3
{[%clk 1:18:08]} 13... g5 {[%clk 1:31:15]} 14. Bxa7 {[%clk 1:14:40]} 14... Nxa7
{[%clk 1:31:35]} 15. d4 {[%clk 1:12:45]} 15... Qg7 {[%clk 1:25:47]} 16. Qb3 {
[%clk 1:08:24]} 16... Rde8 {[%clk 1:23:32]} 17. dxe5 {[%clk 1:06:31]} 17...
dxe5 {[%clk 1:22:38]} 18. Nxe5 {[%clk 1:03:36]} 18... Nh5 {[%clk 1:22:40]} 19.
Nd3 {[%clk 1:00:06]} 19... b6 {[%clk 1:21:43]} 20. Qc4 {[%clk 0:56:19]} 20...
Kb7 {[%clk 1:21:00]} 21. e5 {[%clk 0:53:20]} 21... Rhg8 {[%clk 1:18:35]} 22.
Qe4+ {[%clk 0:51:44]} 22... Kb8 {[%clk 1:18:27]} 23. Nb4 {[%clk 0:50:22]} 23...
c6 {[%clk 1:13:37]} 24. Nxa6+ {[%clk 0:48:59]} 24... Kb7 {[%clk 1:13:56]} 25.
Nb4 {[%clk 0:49:21]} 25... Nf4 {[%clk 1:13:34]} 26. Nd3 {[%clk 0:48:16]} 26...
Nxh3+ {[%clk 0:33:18]} 27. gxh3 {[%clk 0:43:14]} 27... h5 {[%clk 0:31:00]} 28.
Ng3 {[%clk 0:41:28]} 28... Qf7 {[%clk 0:30:35]} 29. Re3 {[%clk 0:37:52]} 29...
Rg7 {[%clk 0:28:34]} 30. Rf3 {[%clk 0:36:00]} 30... Qg8 {[%clk 0:27:34]} 31.
Nxh5 {[%clk 0:34:29]} 31... g4 {[%clk 0:27:22]} 32. Rg3 {[%clk 0:33:28]} 1-0

[Event "DEM U12w 2019"]
[Site "Willingen GER"]
[Date "2019.06.14"]
[Round "8"]
[White "Lieberwirth, Nele"]
[Black "Ulrich, Helena Irene"]
[Result "1-0"]
[Termination "normal"]
[Board "8"]
[WhiteElo "1385"]
[BlackElo "1514"]
[WhiteClock "00:23:00"]
[BlackClock "00:47:01"]
[PlyCount "45"]
[WhiteFideId "16259483"]
[BlackFideId "16256000"]
[EventCountry "GER"]
[EventRounds "9"]
[EventType "swiss"]
[EventDate "2019.06.08"]

1. e4 {[%clk 1:30:56]} 1... c5 {[%clk 1:30:56]} 2. Nc3 {[%clk 1:31:13]} 2...
Nc6 {[%clk 1:29:28]} 3. f4 {[%clk 1:27:55]} 3... g6 {[%clk 1:27:21]} 4. Nf3 {
[%clk 1:25:24]} 4... Bg7 {[%clk 1:26:16]} 5. Be2 {[%clk 1:19:25]} 5... e6 {
[%clk 1:25:23]} 6. d3 {[%clk 1:17:04]} 6... Nge7 {[%clk 1:23:38]} 7. O-O {
[%clk 1:15:12]} 7... O-O {[%clk 1:22:16]} 8. Be3 {[%clk 1:12:26]} 8... b6 {
[%clk 1:20:04]} 9. Qe1 {[%clk 1:07:43]} 9... f5 {[%clk 1:16:13]} 10. Rd1 {
[%clk 0:59:46]} 10... d5 {[%clk 1:12:05]} 11. Bf2 {[%clk 0:50:10]} 11... fxe4 {
[%clk 1:10:05]} 12. dxe4 {[%clk 0:48:21]} 12... d4 {[%clk 1:10:09]} 13. Nb1 {
[%clk 0:47:53]} 13... Rxf4 {[%clk 1:07:36]} 14. Bc4 {[%clk 0:45:52]} 14... Na5
{[%clk 1:02:18]} 15. Bg3 {[%clk 0:41:41]} 15... Rf8 {[%clk 1:01:11]} 16. Na3 {
[%clk 0:40:24]} 16... a6 {[%clk 0:57:08]} 17. Ng5 {[%clk 0:36:46]} 17... Nxc4 {
[%clk 0:56:26]} 18. Nxc4 {[%clk 0:34:24]} 18... Rxf1+ {[%clk 0:54:21]} 19. Qxf1
{[%clk 0:34:34]} 19... b5 {[%clk 0:48:20]} 20. Qf7+ {[%clk 0:30:34]} 20... Kh8
{[%clk 0:48:43]} 21. Be5 {[%clk 0:29:41]} 21... Qg8 {[%clk 0:47:08]} 22. Qxe7 {
[%clk 0:23:12]} 22... bxc4 {[%clk 0:47:01]} 23. Nf7+ {[%clk 0:23:00]} 1-0

[Event "DEM U12w 2019"]
[Site "Willingen GER"]
[Date "2019.06.14"]
[Round "8"]
[White "von Beckh, Frieda"]
[Black "Hoffmann, Sophia"]
[Result "1-0"]
[Termination "normal"]
[Board "9"]
[WhiteElo "1465"]
[BlackElo "1347"]
[WhiteClock "00:56:15"]
[BlackClock "01:04:52"]
[PlyCount "39"]
[WhiteFideId "16233751"]
[BlackFideId "16259130"]
[EventCountry "GER"]
[EventRounds "9"]
[EventType "swiss"]
[EventDate "2019.06.08"]

1. e4 {[%clk 1:30:57]} 1... e6 {[%clk 1:30:55]} 2. d4 {[%clk 1:31:24]} 2... d5
{[%clk 1:31:19]} 3. Nc3 {[%clk 1:31:48]} 3... Bb4 {[%clk 1:31:40]} 4. exd5 {
[%clk 1:32:06]} 4... exd5 {[%clk 1:32:02]} 5. Bd2 {[%clk 1:32:01]} 5... Ne7 {
[%clk 1:31:52]} 6. Nf3 {[%clk 1:32:17]} 6... O-O {[%clk 1:31:57]} 7. Bd3 {
[%clk 1:32:12]} 7... Nbc6 {[%clk 1:31:51]} 8. O-O {[%clk 1:31:51]} 8... Bg4 {
[%clk 1:31:43]} 9. h3 {[%clk 1:31:38]} 9... Bh5 {[%clk 1:31:29]} 10. Re1 {
[%clk 1:31:31]} 10... Nxd4 {[%clk 1:30:45]} 11. g4 {[%clk 1:20:59]} 11... Nxf3+
{[%clk 1:30:31]} 12. Qxf3 {[%clk 1:21:08]} 12... Bg6 {[%clk 1:29:59]} 13. Re5 {
[%clk 1:09:03]} 13... d4 {[%clk 1:23:07]} 14. Ne4 {[%clk 1:06:09]} 14... Bxe4 {
[%clk 1:21:04]} 15. Qxe4 {[%clk 1:06:05]} 15... f5 {[%clk 1:15:40]} 16. gxf5 {
[%clk 1:03:06]} 16... Bxd2 {[%clk 1:14:08]} 17. Rxe7 {[%clk 1:02:23]} 17... Bb4
{[%clk 1:10:59]} 18. f6 {[%clk 0:55:42]} 18... Rxf6 {[%clk 1:04:48]} 19. Qxh7+
{[%clk 0:55:53]} 19... Kf8 {[%clk 1:04:52]} 20. Qxg7# {[%clk 0:56:15]} 1-0

[Event "DEM U12w 2019"]
[Site "Willingen GER"]
[Date "2019.06.14"]
[Round "8"]
[White "Peglau, Dora"]
[Black "Hubert, Charlotte"]
[Result "0-1"]
[Termination "normal"]
[Board "10"]
[WhiteElo "1336"]
[BlackElo "1311"]
[PlyCount "50"]
[WhiteFideId "16220005"]
[BlackFideId "16265920"]
[EventCountry "GER"]
[EventRounds "9"]
[EventType "swiss"]
[EventDate "2019.06.08"]

1. Nf3 Nf6 2. d4 d5 3. Bf4 e6 4. e3 c5 5. dxc5 Bxc5 6. c4 O-O 7. Nc3 dxc4 8.
Bxc4 a6 9. O-O Nc6 10. Qxd8 Rxd8 11. Rfd1 b5 12. Rxd8+ Nxd8 13. Bd3 Bb7 14. Rc1
Rc8 15. Ne5 Be7 16. Rd1 Nc6 17. Ne4 Nxe5 18. Nxf6+ Bxf6 19. Bxe5 Bxe5 20. b3
Bf6 21. f3 Bg5 22. Kf2 g6 23. Ke2 Rd8 24. Rc1 Rd7 25. Rc2 Kf8 0-1

[Event "DEM U12w 2019"]
[Site "Willingen GER"]
[Date "2019.06.14"]
[Round "8"]
[White "Ramien, Hannah"]
[Black "Kosak, Karolina"]
[Result "1-0"]
[Termination "normal"]
[Board "11"]
[WhiteElo "1296"]
[BlackElo "1139"]
[PlyCount "93"]
[WhiteFideId "16209982"]
[BlackFideId "14640503"]
[EventCountry "GER"]
[EventRounds "9"]
[EventType "swiss"]
[EventDate "2019.06.08"]

1. e4 e5 2. Nf3 Nc6 3. Bc4 Bc5 4. c3 Nf6 5. d3 h6 6. Bb3 d6 7. h3 a6 8. Nbd2
Ba7 9. Nf1 Ne7 10. Ng3 Ng6 11. O-O O-O 12. Re1 Re8 13. Bd2 Be6 14. Bc2 Qd7 15.
d4 Rad8 16. Be3 Qe7 17. d5 Bxe3 18. dxe6 Ba7 19. exf7+ Qxf7 20. Bb3 d5 21. exd5
Qf8 22. Qc2 Nh8 23. d6+ Nf7 24. Nxe5 Rd7 25. Nxd7 Nxd7 26. dxc7 Rc8 27. Bxf7+
Kxf7 28. Qf5+ Nf6 29. Qe6+ Kg6 30. Ne4 Rxc7 31. Nxf6 gxf6 32. Qe8+ Qxe8 33.
Rxe8 Rd7 34. Rae1 Rd2 35. R8e2 Rxe2 36. Rxe2 b6 37. Kf1 Bb8 38. Re6 Bc7 39. Ke2
Kf7 40. Rc6 Bd8 41. Ke3 Ke7 42. Ke4 Kd7 43. Kd5 a5 44. a4 h5 45. h4 f5 46. g3
Ke7 47. Rh6 1-0

[Event "DEM U12w 2019"]
[Site "Willingen GER"]
[Date "2019.06.14"]
[Round "8"]
[White "Irrgang, Natascha"]
[Black "Petrosyan, Ani"]
[Result "0-1"]
[Termination "normal"]
[Board "12"]
[WhiteElo "1210"]
[BlackElo "1378"]
[PlyCount "108"]
[WhiteFideId "16257545"]
[BlackFideId "16248015"]
[EventCountry "GER"]
[EventRounds "9"]
[EventType "swiss"]
[EventDate "2019.06.08"]

1. e4 c5 2. Nf3 Nc6 3. d4 cxd4 4. Nxd4 e6 5. Nc3 Nf6 6. Be3 Bb4 7. f3 d5 8. a3
Bxc3+ 9. bxc3 dxe4 10. Be2 Nd5 11. Bd2 e3 12. Bc1 Nxc3 13. Nxc6 bxc6 14. Qxd8+
Kxd8 15. Bxe3 Nxe2 16. Kxe2 Ba6+ 17. Kf2 Ke7 18. Rhd1 Rhd8 19. Rxd8 Rxd8 20.
Bxa7 Rd2+ 21. Kg3 Rxc2 22. Bd4 f6 23. Bg1 c5 24. Kf4 c4 25. a4 Rxg2 26. Rc1 Re2
27. h4 e5+ 28. Kg3 Ra2 29. Rc3 Rxa4 30. Kf2 Rb4 31. Kg3 Rb3 32. Rc2 c3 33. Kf2
Bd3 34. Rc1 c2 35. Ke3 Rb1 36. Kxd3 Rxc1 37. Bc5+ Ke6 38. Kd2 Rh1 39. Kxc2 Rxh4
40. Kd3 Rf4 41. Ke3 h5 42. Bf8 Kf7 43. Bb4 Rxb4 44. Kf2 Rb1 45. Kg3 g5 46. Kh3
f5 47. Kg3 h4+ 48. Kh3 Rg1 49. f4 exf4 50. Kh2 Rg3 51. Kh1 f3 52. Kh2 f2 53.
Kh1 f1=Q+ 54. Kh2 Qg2# 0-1

[Event "DEM U12w 2019"]
[Site "Willingen GER"]
[Date "2019.06.14"]
[Round "8"]
[White "Alhassan, Jodi"]
[Black "Labuda, Annika"]
[Result "0-1"]
[Termination "normal"]
[Board "13"]
[WhiteElo "1108"]
[BlackElo "1251"]
[PlyCount "74"]
[WhiteFideId "16250460"]
[BlackFideId "16261453"]
[EventCountry "GER"]
[EventRounds "9"]
[EventType "swiss"]
[EventDate "2019.06.08"]

1. e4 e5 2. Nf3 Nc6 3. Bc4 Bc5 4. c3 Nf6 5. d4 exd4 6. cxd4 Bb4+ 7. Nc3 Nxe4 8.
O-O Bxc3 9. bxc3 O-O 10. Qc2 Nf6 11. Ba3 d6 12. Rfe1 Bg4 13. Ng5 h6 14. Ne4 Bf5
15. Nxf6+ Qxf6 16. Bd3 Bxd3 17. Qxd3 Rfe8 18. Qb5 Rxe1+ 19. Rxe1 Rb8 20. Bb2 a6
21. Qd3 d5 22. h3 Na5 23. Ba3 Nc4 24. Be7 Qc6 25. Bh4 Re8 26. Ra1 Qe6 27. Bg3
c6 28. Rb1 b5 29. Kf1 Qe4 30. Qxe4 Rxe4 31. Re1 Nd2+ 32. Kg1 Rxe1+ 33. Kh2 Ra1
34. Bd6 Rxa2 35. Kg3 Ne4+ 36. Kf3 Nxd6 37. g4 Ra3 0-1

[Event "DEM U12w 2019"]
[Site "Willingen GER"]
[Date "2019.06.14"]
[Round "8"]
[White "Vianden, Ella"]
[Black "Sohr, Luna"]
[Result "1/2-1/2"]
[Termination "normal"]
[Board "15"]
[WhiteElo "1328"]
[BlackElo "1357"]
[PlyCount "70"]
[WhiteFideId "16235592"]
[BlackFideId "16251261"]
[EventCountry "GER"]
[EventRounds "9"]
[EventType "swiss"]
[EventDate "2019.06.08"]

1. e4 e5 2. Nf3 Nc6 3. Bb5 Nf6 4. O-O d6 5. d4 exd4 6. Nxd4 Bd7 7. Be3 Nxd4 8.
Bxd7+ Qxd7 9. Qxd4 Be7 10. Nd2 O-O 11. Nf3 Qg4 12. e5 Qxd4 13. Bxd4 Nd5 14.
exd6 Bxd6 15. Rfe1 Rfe8 16. a3 a6 17. c4 Nf4 18. g3 Ne2+ 19. Kf1 Nxd4 20. Nxd4
g6 21. b4 Be5 22. Rad1 Rad8 23. Nf3 Bf6 24. c5 Rxe1+ 25. Rxe1 Kf8 26. Kg2 Re8
27. a4 Rxe1 28. Nxe1 Bc3 29. Nd3 Ke7 30. Kf3 Ke6 31. a5 c6 32. Kf4 f6 33. g4
g5+ 34. Ke4 h6 35. f3 Ba1 1/2-1/2

[Event "DEM U12w 2019"]
[Site "Willingen GER"]
[Date "2019.06.14"]
[Round "8"]
[White "Heuberger, Sandra"]
[Black "Sens, Gerda"]
[Result "0-1"]
[Termination "normal"]
[Board "16"]
[WhiteElo "1077"]
[BlackElo "1018"]
[PlyCount "122"]
[WhiteFideId "16232151"]
[BlackFideId "16287029"]
[EventCountry "GER"]
[EventRounds "9"]
[EventType "swiss"]
[EventDate "2019.06.08"]

1. d4 d5 2. c4 dxc4 3. e3 e6 4. Bxc4 Nf6 5. Nf3 c5 6. O-O cxd4 7. exd4 Nc6 8.
Re1 Be7 9. Nc3 O-O 10. Bg5 b6 11. Bb3 Qd7 12. Bc2 Ba6 13. Rc1 Rac8 14. Bb1 Nd5
15. Qc2 g6 16. Bd2 Ndb4 17. Qd1 Nxd4 18. Be3 Nxf3+ 19. Qxf3 Qc7 20. a3 Nc6 21.
Red1 Ne5 22. Qg3 Nc4 23. Qh3 Nxb2 24. Rd4 Nc4 25. a4 Nxe3 26. Qxe3 Bc5 27. Qd2
Bxd4 28. Qxd4 Rfd8 29. Qg4 Qc4 30. Qxc4 Rxc4 31. h3 b5 32. axb5 Bxb5 33. Ba2
Rc5 34. Kh2 Rd2 35. Ne4 Rxc1 36. Nxd2 Rc2 37. Ne4 Rxa2 38. Nc3 Rxf2 39. Nxb5 a5
40. Nc3 Rc2 41. Na4 e5 42. Nb6 e4 43. Nd5 a4 44. Ne3 Rc1 45. Ng4 a3 46. Nf6+
Kg7 47. Nxe4 a2 48. Ng3 a1=Q 49. h4 Qa7 50. h5 gxh5 51. Nxh5+ Kh6 52. Ng3 Qa4
53. Kh3 Qb3 54. Kh2 Qd3 55. Nf5+ Qxf5 56. g4 Qf4+ 57. Kh3 Rc3+ 58. Kg2 Qxg4+
59. Kf2 Qf3+ 60. Kg1 Rc1+ 61. Kh2 Rh1# 0-1

[Event "DEM U12w 2019"]
[Site "Willingen GER"]
[Date "2019.06.14"]
[Round "8"]
[White "Wille, Melanie"]
[Black "Stepanjan, Marianne"]
[Result "0-1"]
[Termination "normal"]
[Board "17"]
[WhiteElo "1083"]
[BlackElo "1312"]
[PlyCount "130"]
[WhiteFideId "16287037"]
[BlackFideId "16246110"]
[EventCountry "GER"]
[EventRounds "9"]
[EventType "swiss"]
[EventDate "2019.06.08"]

1. e4 c5 2. Nf3 d6 3. d4 cxd4 4. Nxd4 Nf6 5. Nc3 a6 6. Be3 e5 7. Nb3 Be6 8. Nd5
Nxd5 9. exd5 Bf5 10. Bd3 e4 11. g4 exd3 12. gxf5 dxc2 13. Qxc2 Nd7 14. Qe2 Qe7
15. Nd4 Qe4 16. f3 Qxd5 17. Bg5+ Qe5 18. Be3 Be7 19. f4 Bh4+ 20. Kf1 Qe4 21.
Rg1 Bf6 22. Rg2 O-O 23. Rd1 Rfe8 24. Rg3 Nb6 25. b3 Nd5 26. Re1 Bxd4 27. Bxd4
Qxf4+ 28. Qf2 Rxe1+ 29. Kxe1 Qc1+ 30. Ke2 Qc2+ 31. Kf1 Qxf2+ 32. Kxf2 f6 33. h4
Nb4 34. Bxf6 g6 35. fxg6 h6 36. a3 Rf8 37. Rf3 Nd3+ 38. Kg3 h5 39. Rf5 Ne5 40.
g7 Rf7 41. Rxh5 Rxf6 42. Rh8+ Kxg7 43. Rb8 b5 44. Rb7+ Kh6 45. Rb6 Kg6 46. Rxa6
d5 47. Rxf6+ Kxf6 48. Kf4 Ng6+ 49. Ke3 Nxh4 50. Kd4 Ke6 51. a4 Nf5+ 52. Kc3
bxa4 53. bxa4 Nd6 54. a5 Nc8 55. Kd4 Kd6 56. Kd3 Ke5 57. a6 Na7 58. Kc3 d4+ 59.
Kd2 Ke4 60. Ke2 d3+ 61. Kd2 Nb5 62. Kd1 Ke3 63. Ke1 d2+ 64. Kd1 Kd3 65. a7 Nc3#
0-1

[Event "DEM U12w 2019"]
[Site "Willingen GER"]
[Date "2019.06.14"]
[Round "8"]
[White "Haarmann, Belanna"]
[Black "Müller, Eva"]
[Result "1/2-1/2"]
[Termination "normal"]
[Board "18"]
[WhiteElo "1065"]
[BlackElo "1031"]
[PlyCount "70"]
[WhiteFideId "16273508"]
[BlackFideId "16286995"]
[EventCountry "GER"]
[EventRounds "9"]
[EventType "swiss"]
[EventDate "2019.06.08"]

1. e4 e5 2. Nf3 Nc6 3. Bc4 Bc5 4. d3 Nf6 5. Nc3 d6 6. Bg5 Be6 7. Bxe6 fxe6 8.
Qd2 Qd7 9. Bxf6 gxf6 10. Qh6 Rf8 11. Qh5+ Rf7 12. a3 O-O-O 13. b4 Bd4 14. Nxd4
Nxd4 15. a4 Nxc2+ 16. Ke2 Nxa1 17. Rxa1 Kb8 18. b5 c6 19. bxc6 Qxc6 20. Qxf7
Qxc3 21. Re1 Qc2+ 22. Kf1 Qxd3+ 23. Kg1 Qd2 24. Rf1 Qh6 25. Rb1 b6 26. Qxe6 Rc8
27. Qxd6+ Kb7 28. Qd7+ Rc7 29. Qd5+ Kb8 30. Qd6 Kc8 31. Qe6+ Kb8 32. Qg8+ Kb7
33. Qd5+ Kb8 34. Qd8+ Kb7 35. Qd5+ Kc8 1/2-1/2

[Event "DEM U12w 2019"]
[Site "Willingen GER"]
[Date "2019.06.14"]
[Round "8"]
[White "Reddi, Bhuvana"]
[Black "Hengst, Sarah"]
[Result "0-1"]
[Termination "normal"]
[Board "19"]
[WhiteElo "1090"]
[BlackElo "958"]
[PlyCount "90"]
[WhiteFideId "16287002"]
[BlackFideId "16286030"]
[EventCountry "GER"]
[EventRounds "9"]
[EventType "swiss"]
[EventDate "2019.06.08"]

1. e4 e5 2. Nf3 Nf6 3. Nc3 Nc6 4. d4 exd4 5. Nxd4 Bb4 6. Nxc6 bxc6 7. Bd3 O-O
8. O-O d5 9. exd5 cxd5 10. Bg5 Bxc3 11. bxc3 Qd6 12. Rb1 d4 13. Bxf6 Qxf6 14.
Be4 Ba6 15. Re1 Rae8 16. Qh5 g6 17. Qh6 dxc3 18. Re3 Qd4 19. Rh3 Qg7 20. Qf4
Bc8 21. Rg3 f5 22. Bd5+ Be6 23. Bc6 Rd8 24. h4 Rd4 25. Qe3 Bxa2 26. Re1 f4 27.
Rxg6 hxg6 28. Qxc3 Rfd8 29. Qa3 Bf7 30. Re7 Rd1+ 31. Kh2 Qf6 32. g3 fxg3+ 33.
Kh3 Qxc6 34. Qe3 Qh1+ 35. Kg4 R1d4+ 36. Kxg3 Qxh4+ 37. Kg2 Bd5+ 38. Kf1 Bc4+
39. Kg2 Rg4+ 40. Qg3 Bd5+ 41. Kf1 Rxg3 42. fxg3 Qxe7 43. g4 Rf8+ 44. Kg1 Qe2
45. c4 Qg2# 0-1

[Event "DEM U12w 2019"]
[Site "Willingen GER"]
[Date "2019.06.14"]
[Round "8"]
[White "Leongardt, Adel"]
[Black "Scheiding, Sophia"]
[Result "1-0"]
[Termination "normal"]
[Board "20"]
[WhiteElo "1179"]
[BlackElo "1133"]
[PlyCount "119"]
[WhiteFideId "16256549"]
[BlackFideId "16287010"]
[EventCountry "GER"]
[EventRounds "9"]
[EventType "swiss"]
[EventDate "2019.06.08"]

1. e4 e5 2. Nf3 Nc6 3. d4 exd4 4. Nxd4 Qh4 5. Nc3 Bb4 6. Qd3 Ne5 7. Qe3 Nf6 8.
Bd3 O-O 9. O-O Nfg4 10. Qf4 Ng6 11. Qxc7 d6 12. h3 N4e5 13. Nf5 Bxf5 14. exf5
Nf4 15. Bxf4 Qxf4 16. Nd5 Qd4 17. Nxb4 Qxb4 18. Qe7 Rfe8 19. Qg5 f6 20. Qh5
Qxb2 21. g4 Nf3+ 22. Kg2 Nd2 23. Rfd1 Qc3 24. g5 Qc6+ 25. Kg3 fxg5 26. Rxd2 Rf8
27. Qxg5 g6 28. Kh2 d5 29. fxg6 Qd6+ 30. Kg1 Kh8 31. g7+ Kg8 32. gxf8=Q+ Kxf8
33. Bxh7 Kf7 34. Qxd5+ Qxd5 35. Rxd5 Ke6 36. c4 Rc8 37. Re1+ Kf6 38. Rf5+ Kg7
39. Re7+ Kh6 40. Rf6+ Kg5 41. Rf3 Kh6 42. Bd3 Rg8+ 43. Rg3 Rxg3+ 44. fxg3 Kg5
45. Rg7+ Kh6 46. Rh7+ Kg5 47. h4+ Kg4 48. Rg7+ Kf3 49. h5 Ke3 50. Bf1 Kf3 51.
h6 b5 52. h7 bxc4 53. Bxc4 Ke3 54. h8=Q Kd4 55. Rg4+ Kc5 56. Qe5+ Kb4 57. Qb5+
Kc3 58. Qb3+ Kd2 59. Rd4+ Kc1 60. Rd1# 1-0

[Event "ODJM C 2019"]
[Site "Willingen GER"]
[Date "2019.06.12"]
[Round "6"]
[White "Strübel, Tobias"]
[Black "Fink, Anton"]
[Result "1/2-1/2"]
[Termination "normal"]
[Board "1"]
[WhiteElo "1337"]
[BlackElo "1478"]
[WhiteClock "01:13:36"]
[BlackClock "01:01:34"]
[PlyCount "43"]
[WhiteFideId "16284860"]
[BlackFideId "16235703"]
[EventCountry "GER"]
[EventRounds "9"]
[EventType "swiss"]
[EventDate "2019.06.08"]

1. e4 {[%clk 1:30:59]} 1... e5 {[%clk 1:30:58]} 2. Nf3 {[%clk 1:31:24]} 2...
Nc6 {[%clk 1:31:27]} 3. Bc4 {[%clk 1:31:48]} 3... Bc5 {[%clk 1:31:50]} 4. Nc3 {
[%clk 1:32:10]} 4... Nf6 {[%clk 1:31:13]} 5. d3 {[%clk 1:32:32]} 5... d6 {
[%clk 1:31:23]} 6. h3 {[%clk 1:32:51]} 6... Be6 {[%clk 1:31:31]} 7. Bb3 { [%clk
1:33:14]} 7... h6 {[%clk 1:30:27]} 8. Bd2 {[%clk 1:33:32]} 8... Qe7 { [%clk
1:26:17]} 9. Be3 {[%clk 1:29:34]} 9... Bb6 {[%clk 1:23:58]} 10. Qd2 { [%clk
1:24:51]} 10... O-O {[%clk 1:20:53]} 11. g4 {[%clk 1:24:04]} 11... Nd4 { [%clk
1:17:57]} 12. Bxd4 {[%clk 1:23:39]} 12... Bxd4 {[%clk 1:17:59]} 13. Nxd4 {[%clk
1:23:34]} 13... exd4 {[%clk 1:18:19]} 14. Ne2 {[%clk 1:23:55]} 14... c5 {[%clk
1:17:50]} 15. Bxe6 {[%clk 1:23:25]} 15... fxe6 {[%clk 1:17:36]} 16. g5 { [%clk
1:22:26]} 16... hxg5 {[%clk 1:13:22]} 17. Qxg5 {[%clk 1:22:23]} 17... Rf7
{[%clk 1:12:35]} 18. Nf4 {[%clk 1:18:45]} 18... Nh7 {[%clk 1:07:31]} 19. Qxe7 {
[%clk 1:16:49]} 19... Rxe7 {[%clk 1:05:07]} 20. Rg1 {[%clk 1:17:05]} 20... e5 {
[%clk 1:01:46]} 21. Rh1 {[%clk 1:13:36]} 21... Rf7 {[%clk 1:01:34]} 22. Nh5
1/2-1/2